Sinfonia spirituosa : Konzerte für Streicher (Запис номер 498084)
[ съкратено ]
| 000 -Лидер | |
|---|---|
| Контролно поле с фиксирана дължина | 02089njm a2200385 a 4500 |
| 003 - Код на организацията, давaща контролен номер | |
| Контролно поле | BLK |
| 005 - Дата и час на последна редакция | |
| Контролно поле | 20250215161923.0 |
| 007 - Фиксирано поле за физическо описани | |
| fixed length control field! | sd asmaladahed |
| 008 - Елементи от данни с фиксирана дължина | |
| fixed length control field | 180410b bul||n||s|||||||| n|bulo| |
| 020 ## - Международен стандартен номер на книга ISBN | |
| Международен стандартен номер на книга ISBN | 028947149224 |
| 040 ## - Източник на каталожния запис | |
| Идентификатор на билиотеката - собственик на записа | BLK |
| 041 ## - Код за език | |
| Код за езика на текст/звукозапис или на отделно заглавие | Немски |
| Код за езика КДБФ | Английски |
| 080 ## - УДК | |
| Текстов определител УДК | Оркестър от струнни инструменти |
| УДК код - определител по УДК | 785.1:787 |
| УДК - код + определител | 785.1:787 |
| 100 1# - Редна дума - Автор | |
| Автор | Telemann, Georg Philipp |
| R(LIN) | 26022 |
| 139 ## - Редно поле | |
| Редна дума | Telemann, Georg Philipp |
| Авторски знак | Tel - T 33 |
| 245 10 - Сведения за заглавието | |
| Заглавие | Sinfonia spirituosa : Konzerte für Streicher |
| Редно поле (дума) | Georg Philipp Telemann; conduct. Reinhard Goebel ; perform. Musica Antiqua Köln |
| 246 ## - Различни форми на заглавието | |
| Паралелно заглавие | String concertos = Concertos pour cordes |
| 260 ## - Област на издателските данни | |
| Име на издателя, разпространителя и проч. | Archiv Produktion |
| Година на издаване | 2002 |
| 9 (RLIN) | 489741 |
| Място на издаване, разпространение и проч. | Hamburg |
| 300 ## - Физическа характеристика | |
| Страници | 1 CD digital, stereo |
| Размери/Мащаб | 12 cm |
| 380 ## - Жанр | |
| Жанр | Изкуство |
| 500 ## - Общи забележки | |
| Забележка | The 1st work originally with trumpet ad. lib<br/>Compact disc<br/>Program notes in English, French, and German (23 p. : ill.) |
| 505 ## - Форматирана забележка | |
| Заглавие | Sinfonia spirituosa : D-dur, TWV 44:1, für 2 Violinen, Viola und Basso continuo (8:16)<br/>Overture (Suite) D-dur, TWV 55:D6, für Viola da gamba concertata, Streicher und Basso continuo (24:04)<br/>Concerto C-dur, TWV 40:203, für 4 Violinen solo (7:24)<br/>Concerto A-dur, TWV 54:A1, für 4 Violinen, Streicher und Basso continuo (6:32)<br/>Concerto G-dur, TWV 40:201, für 4 Violinen solo (6:10)<br/>Concerto A-dur (Die Relinge), TWV 51:A4, für Violino principale, 3 Violinen, Viola und Basso continuo (10:54)<br/>Concerto D-dur, TWV 40:202, für 4 Violinen solo (5:49)<br/>Symphonie D-dur, TWV Anh. 50:1, zur Serenate auf die erste hunderjährige Jubelfeier der Hamburgischen loblichen Handlungs-Deputation (4:58) |
| 650 #0 - Допълнително описание по предмет – тема | |
| Основно описание – тема или топоним | Оркестри, струнни инструменти |
| 9 (RLIN) | 353168 |
| 653 ## - Ключова дума – ненормативна | |
| Ключова дума | барок |
| 653 ## - Ключова дума – ненормативна | |
| Ключова дума | струнни оркестри |
| 653 ## - Ключова дума – ненормативна | |
| Ключова дума | сюити |
| 700 1# - Други автори (авторска отговорност) | |
| Лично име | Telemann, Georg Philipp |
| 9 (RLIN) | 26022 |
| 856 4# - Електронен адрес и достъп | |
| Електронен формат | pdf - файл |
| Път до файла /url/ | |
| Инструкция (цена за достъп) | 0.00 |
| Права за достъп | disable |
| 856 4# - Електронен адрес и достъп | |
| Електронен формат | pdf - файл |
| Път до файла /url/ | |
| Инструкция (цена за достъп) | 0.00 |
| Права за достъп | disable |
| 942 ## - АРТИКУЛИ | |
| Вид на библиотечния материал | Компактдискове |
| Скрит в OPAC | Не |
| Периодичен библиозапис | Да |
| 944 ## - СЪЗДАВАНЕ И РЕДАКЦИЯ на ЗАПИСА | |
| Дата на регистрацията/редакция | Нора Радева |
| Служител, извършил регистрацията/редакцията | 30560 |
| Статус, дата на статуса | Геновева Генчева |
| 999 ## - СИСТЕМНИ КОНТРОЛНИ НОМЕРА | |
| Koha biblionumber | 498084 |
| Koha biblioitemnumber | 498084 |
| 999 ## - СИСТЕМНИ КОНТРОЛНИ НОМЕРА | |
| Koha biblioitemnumber | 498084 |
| 999 ## - СИСТЕМНИ КОНТРОЛНИ НОМЕРА | |
| Koha biblioitemnumber | 217724 |
| 999 ## - СИСТЕМНИ КОНТРОЛНИ НОМЕРА | |
| Koha biblioitemnumber | 217724 |
| Код за отписване | Код за изгубен артикул | Източник на класификационната схема | Код за повреда | Коз за рестрикции | Код за отдаване | Артикулен № | Име на библиотеката - собственик | Име на библиотеката, в която се намира в момента | Статус (Текущо местоположение) | Дата на вписване в системата | Местоположение - отдел | Цена в лева | Инвентарен номер | Систематично азбучна сигнатура | Баркод | Цена в евро | Служебен тип на артикула |
|---|---|---|---|---|---|---|---|---|---|---|---|---|---|---|---|---|---|
| Не е изгубен | Universal Decimal Classification | Не е повреден | без рестрикции | заемане за дома | 936728 | Регионална библиотека "Любен Каравелов" Русе | Регионална библиотека "Любен Каравелов" Русе | Отдел Изкуство - подръчен фонд | 2023-11-14 | Отдел Изкуство - подръчен фонд | 3.00 | 120000895794 | 785/T 33 G | 120000895794 | 1.53 | Компактдискове |